Letters from hell: (Record no. 11017)

000 -LEADER
fixed length control field 00572nam a2200181 a 4500
001 - CONTROL NUMBER
control field :::00008810$&:&@@
003 - CONTROL NUMBER IDENTIFIER
control field OkBaRHE
005 - DATE AND TIME OF LATEST TRANSACTION
control field 20100401161752.0
008 - FIXED-LENGTH DATA ELEMENTS--GENERAL INFORMATION
fixed length control field s1906 j 000 0 eng u
040 ## - CATALOGING SOURCE
Transcribing agency
100 1# - MAIN ENTRY--PERSONAL NAME
Personal name Torrey, R. A.
245 10 - TITLE STATEMENT
Title Letters from hell:
Remainder of title a message from a lost soul.
260 ## - PUBLICATION, DISTRIBUTION, ETC. (IMPRINT)
Place of publication, distribution, etc Philadelphia, PA., :
Name of publisher, distributor, etc Universal Book and Bible House
Date of publication, distribution, etc 1906
300 ## - PHYSICAL DESCRIPTION
Extent 382 p.
650 ## - SUBJECT ADDED ENTRY--TOPICAL TERM
Topical term or geographic name as entry element Evangelistic Adresses
942 ## - ADDED ENTRY ELEMENTS (KOHA)
Source of classification or shelving scheme
Koha item type Books
Copies
Full call number Damaged status Date acquired Copy number Withdrawn status Barcode Permanent Location Koha item type Source of classification or shelving scheme Shelving location Price effective from Not for loan Date last seen Lost status
BV 3795 .T6 1906 2010-04-141 8810RHEMA Bible Training CollegeBooks General Stacks2010-04-14 2010-04-14